000 00340nam a2200145Ia 4500
003 OSt
005 20240229100034.0
008 170524s9999 xx 000 0 und d
020 _a978-8183613705
040 _ciimtu meerut
100 _aSingh harban
245 0 _aKhel Patrakarita
260 _bPANCHCULA: HARYANA SAHITYA
942 _2ddc
_c02
999 _c8952
_d8952